00687nam a2200253Ia 4500008004100000020001600041050000800057050001000065100001800075245003400093245002000127260001600147260001700163260000900180300001500189300001100204440004200215500003000257650003500287650003200322650003500354650002200389650002200411170203s9999 xx 000 0 und d a0-061065862 aFic bE147n aEllis, Carol. 4aThe case of the green ghost / cby Carol Ellis. aNew York :  bScholastic,  c1999 a83 pages : c20 cm. aNew adventures of Mary-Kate & Ashley. a"A Parachute Press book." aMystery and detective stories. aOlsen, Ashley, -- 1986- --  aOlsen, Mary-Kate, -- 1986- --  xJuvenile fiction. xJuvenile fiction.